书目信息 |
| 题名: |
实用唢呐基础与入门
|
|
| 作者: | 本丛书编委会编 | |
| 分册: | ||
| 出版信息: | 广州 广东世界图书出版公司 2010 |
|
| 页数: | 181页 | |
| 开本: | 23cm | |
| 丛书名: | 新世纪青少年艺术素质培养丛书 | |
| 单 册: | ||
| 中图分类: | J632.146 , J632 | |
| 科图分类: | ||
| 主题词: | 唢呐--吹奏法--少年读物 | |
| 电子资源: | ||
| ISBN: | 978-7-5100-0614-2 | |
| 000 | 00751nam0 2200229 450 | |
| 001 | 2338452089 | |
| 005 | 20231208104112.81 | |
| 010 | @a978-7-5100-0614-2@dCNY 38.00 | |
| 100 | @a20110630d2010 demy0chiy0120 ea | |
| 101 | 0 | @achi |
| 102 | @aCN@b440000 | |
| 105 | @aa z 000yy | |
| 200 | 1 | @a实用唢呐基础与入门@Ashi yong suo na ji chu yu ru men@b专著@f本丛书编委会编 |
| 210 | @a广州@c广东世界图书出版公司@d2010 | |
| 215 | @a181页@c图@d23cm | |
| 225 | 1 | @a新世纪青少年艺术素质培养丛书 |
| 330 | @a本书共六章,内容包括:唢呐的基础知识、唢呐吹奏的基本方法、唢呐转调和半音运用法与练习、唢呐技巧练习等。 | |
| 606 | 0 | @a唢呐@x吹奏法@j少年读物 |
| 690 | @aJ632.146@v5 | |
| 690 | @aJ632@v4 | |
| 801 | 2 | @aCN@b辽宁北配@c20231205 |
| 905 | @aZUCC@dJ632@e16 | |
| 实用唢呐基础与入门/本丛书编委会编.-广州:广东世界图书出版公司,2010 |
| 181页:图;23cm.-(新世纪青少年艺术素质培养丛书) |
| ISBN 978-7-5100-0614-2:CNY 38.00 |
| 本书共六章,内容包括:唢呐的基础知识、唢呐吹奏的基本方法、唢呐转调和半音运用法与练习、唢呐技巧练习等。 |
| ● |
| 相关链接 |
|
|
|
正题名:实用唢呐基础与入门
索取号:J632/16
 
预约/预借
| 序号 | 登录号 | 条形码 | 馆藏地/架位号 | 状态 | 备注 |
| 1 | 2001210916 | 2001210916 | 第四书库/四19架A面1层2列/ [索取号:J632/16] | 在馆 | |
| 2 | 2001210917 | 2001210917 | 第四书库/四19架A面1层2列/ [索取号:J632/16] | 在馆 | |
| 3 | 2001210918 | 2001210918 | 第四书库/四19架A面1层2列/ [索取号:J632/16] | 在馆 | |
| 4 | 2001210919 | 2001210919 | 第四书库/四19架A面1层2列/ [索取号:J632/16] | 在馆 | |
| 5 | 2001210920 | 2001210920 | 第四书库/四19架A面1层2列/ [索取号:J632/16] | 在馆 | |
| 6 | 2001210921 | 2001210921 | 第四书库/四19架A面1层2列/ [索取号:J632/16] | 在馆 | |
| 7 | 2001210922 | 2001210922 | 第四书库/四19架A面1层2列/ [索取号:J632/16] | 在馆 | |
| 8 | 2001210923 | 2001210923 | 第四书库/四19架A面1层2列/ [索取号:J632/16] | 在馆 | |
| 9 | 2001210924 | 2001210924 | 第四书库/四19架A面1层2列/ [索取号:J632/16] | 在馆 | |
| 10 | 2001210925 | 2001210925 | 第四书库/四19架A面1层2列/ [索取号:J632/16] | 在馆 | |
| 11 | 2001210926 | 2001210926 | 第四书库/四19架A面1层2列/ [索取号:J632/16] | 在馆 | |
| 12 | 2001210927 | 2001210927 | 第四书库/四19架A面1层2列/ [索取号:J632/16] | 在馆 | |
| 13 | 2001210928 | 2001210928 | 218书库/ [索取号:J632/16] | 在馆 | |
| 14 | 2001210929 | 2001210929 | 218书库/ [索取号:J632/16] | 在馆 | |
| 15 | 2001210930 | 2001210930 | 218书库/ [索取号:J632/16] | 在馆 | |
| 16 | 2001210931 | 2001210931 | 218书库/ [索取号:J632/16] | 在馆 | |
| 17 | 2001210932 | 2001210932 | 218书库/ [索取号:J632/16] | 在馆 | |
| 18 | 2001210933 | 2001210933 | 218书库/ [索取号:J632/16] | 在馆 | |
| 19 | 2001210934 | 2001210934 | 315书库/ [索取号:J632/16] | 在馆 | |
| 20 | 2001210935 | 2001210935 | 315书库/ [索取号:J632/16] | 在馆 | |
| 21 | 2001210936 | 2001210936 | 315书库/ [索取号:J632/16] | 在馆 | |
| 22 | 2001210937 | 2001210937 | 315书库/ [索取号:J632/16] | 在馆 | |
| 23 | 2001210938 | 2001210938 | 315书库/ [索取号:J632/16] | 在馆 | |
| 24 | 2001210939 | 2001210939 | 315书库/ [索取号:J632/16] | 在馆 | |
| 25 | 2001210940 | 2001210940 | 513书库/ [索取号:J632/16] | 在馆 | |
| 26 | 2001210941 | 2001210941 | 513书库/ [索取号:J632/16] | 在馆 | |
| 27 | 2001210942 | 2001210942 | 513书库/ [索取号:J632/16] | 在馆 | |
| 28 | 2001210943 | 2001210943 | 513书库/ [索取号:J632/16] | 在馆 | |
| 29 | 2001210944 | 2001210944 | 513书库/ [索取号:J632/16] | 在馆 | |
| 30 | 2001210945 | 2001210945 | 513书库/ [索取号:J632/16] | 在馆 |